000 00246nam a2200097Ia 4500
005 20251222114402.0
008 251222s1900||||xx |||||||||||||| ||spa||
082 _aDVD0040/K26/1998
245 0 _aLos elegidos de la gloria:The right stuff
942 _cDVD
999 _c1690
_d1690